000 00807nam a22001695i 4500
001 153055
003 ES-MaACL
005 20230906205013.0
008 050805s1852 fr | |||||||| ||fre d
040 _aCAM
_bspa
_cCAM
100 1 _aCazin, François-Joseph.
_9126407
245 1 0 _aDe l'organisation d'un service de santé pour les indigents des campagnes
_b: considérée au point de vue adminstratif, hygiénique & thérapeutique /
_cpar F.-J. Cazin.
260 _aParis :
_bchez Labé, libraire-éditeur,
_c1852 (
_eReims :
_fImp. de P. Regnier)
300 _a68 p. ;
_c20 cm.
650 0 4 _aAsistencia sanitaria-
_zFrancia.
_910375
852 _aES-MaACL
_jR-1367(4)
_z-- Enc. hol.
_z-- Enc. en un vol. facticio, formando parte de la col. facticia: "Colección de memorias médicas"
_z.- Donat. Mateo Seoane
999 _c153055
_d153055